| 000 | 01849nam0a2200373 i 4500 | ||
|---|---|---|---|
| 001 | RU\NLR\BIBL_A\010740501 | ||
| 005 | 20260405135000.0 | ||
| 021 |
_aRU _b2015-19180 _91145 |
||
| 035 | _a(NILC)LIBNET\0000523245 | ||
| 035 | _aBEL\BIBL\0001060357 | ||
| 035 | _a(NLR Aleph) 010740501 | ||
| 090 |
_a9900965 _c9900965 |
||
| 100 | _a20150427d2013 k y0rusy50 ca | ||
| 101 | 0 | _arus | |
| 102 | _aRU | ||
| 105 | _aa z 000yy | ||
| 200 | 1 |
_aКонцепция моделирования бизнес-процессов транспортно-логистического кластера на примере Белгородского региона _eмонография _f[С.Н. Глаголев, Ю.А. Дорошенко, Н.Г. Горшкова и др.] |
|
| 210 |
_aБелгород _cИзд-во БГТУ _d2013 |
||
| 215 |
_a150 с. _cил., цв. ил. _d21 |
||
| 300 | _aАвт. указаны на обороте тит. л. | ||
| 606 | 1 |
_aЛогистика транспортная _yБелгородская область _92256865 _3RU\NLR\AUTH\6601583529 |
|
| 686 |
_a65.9(2Рос-4Бел) _vLBC/M _2rubbk |
||
| 686 | 1 | _aУ37(2)-59(2Р-4Бл)в611 | |
| 701 | 1 |
_aГлаголев _bС. Н. _gСергей Николаевич |
|
| 701 | 1 |
_7ca _8rus _aДорошенко _bЮ. А. _cд-р экон. наук, инновационно-инвестиц. деятельность _f1957- _gЮрий Анатольевич _938386 _3RU\NLR\AUTH\7755454 |
|
| 701 | 1 |
_aГоршкова _bН. Г. _gНина Георгиевна |
|
| 801 | 0 |
_aRU _bБелгородская ГУНБ _c20150206 _gPSBO |
|
| 801 | 1 |
_aRU _bБелгородская ГУНБ _c20150206 _2rusmarc |
|
| 801 | 2 |
_aRU _bБелгородская ГУНБ _c20150218 _2rusmarc |
|
| 830 | _a065 | ||
| 942 | _cBOOK | ||
| 980 | _aNBR | ||